| 000 | 00642nam a22002177a 4500 | ||
|---|---|---|---|
| 999 |
_c3323 _d3323 |
||
| 003 | OSt | ||
| 005 | 20231114115439.0 | ||
| 008 | 231114b ||||| |||| 00| 0 eng d | ||
| 020 | _a9789670624044 | ||
| 040 | _cKH8 | ||
| 082 | _a400 SUR | ||
| 100 |
_aSuriani Zulkifli, _eauthor. |
||
| 245 |
_aIbu Tiri yang Baik / _cSuriani Zulkifli. |
||
| 260 |
_aKuala Lumpur ; _bPustaka Kalam Bestari, _c2014. |
||
| 300 |
_a24 pages : _bcolor illustrations ; _c19 cm x 26 cm. |
||
| 440 | _aSiri Sikap Baik Dicontohi | ||
| 650 |
_aDidactic fiction _vMalay |
||
| 650 |
_aChildren's stories _vMalay |
||
| 830 | _aSiri Sikap Baik Dicontohi | ||
| 942 |
_2ddc _cTR |
||